Riconosci lo Stato - Quiz n°66 - Statistics

Statistiche generali
  • Questo quiz è stato fatto 25 volte
  • Il punteggio medio è 13 su 13
Statistiche sulle risposte
Indizio Risposta % Corretto
Fuso Orario UTC+1 (CET) UTC+2 (CEST) in ora legale
100%
Iniziale della Capitale V
100%
Valuta Złoty
100%
Tasso di crescita -0,21%
95%
ISU 0,876
95%
Indipendenza 11 novembre 1918 da Impero austro-ungarico, Impero tedesco e Impero russo
95%
Superficie 312 696 km²
95%
Popolazione 38 036 118 ab.
95%
PIL (nominale) 842 172milioni di $
95%
Presidente della Repubblica Andrzej Duda
95%
Primo ministro Donald Tusk
95%
Risposta Polonia
95%
Forma di Governo Repubblica parlamentare
95%
Nessun quiz corrispondente trovato
Distribuzione punteggi
Percentuale di utenti per punteggio
Percentile per numero di risposta
I tuoi punteggi nel tempo
Non hai fatto questo quiz